000 00444nam a2200169 a 4500
001 0000-9181
003 ELIB.Books
008 110520 1971
035 _a(ELIB.Books)0000-9333
082 _a260
_bTru
100 _aTrumbull, Charles Gallaudet
245 _aVictory In Christ
260 _bCanada: Living Books For All
_c1971
650 _aChristian Church - Society
942 _2ddc
_cBK
998 _cbat
_e2011-05-20
999 _c9181
_d9181